| 000 | 01939cam a2200169 4500500 | ||
|---|---|---|---|
| 005 | 20260208003713.0 | ||
| 041 | _afre | ||
| 042 | _adc | ||
| 100 | 1 | 0 |
_aCantegreil, Julien _eauthor |
| 245 | 0 | 0 | _aCharmide et Lysis, introductions, traductions et notes par L.-A. Dorion, Paris, Flammarion, 316 p. Les mythes de Platon, une anthologie de textes platoniciens choisis et présentés par J..F. Pradeau, Paris, Flammarion, 278 p. |
| 260 | _c2005. | ||
| 500 | _a87 | ||
| 520 | _aÉcartant les questions traditionnelles de savoir comment il s’est singularisé dans l’histoire de la doctrine allemande du droit et les raisons qui font de lui l’un des précurseurs de la théorie des actes de langages, la présente étude évalue l’intérêt juridique de l’approche « intuitionniste » de Reinach. L’utilisation conjointe de sa définition de la promesse et des travaux de Jean-Louis Gardies devraient montrer l’impasse théorique et le faible intérêt pratique de son intuitionnisme, et ce faisant contribuer à diriger les recherches phénoménologiques en théorie du droit vers les travaux du Husserl des Idées directrices | ||
| 520 | _aPutting aside the familiar issues of understanding how Reinach stood out in the history of German law doctrine and the reasons which make him one of the precursors of the Speech acts theory, this study attempts to evaluate the judicial interest in his « intuitionist » approach. By using both Reinach’s definition of the promise and the works of Jean-Louis Gardies to show the theoretical impasse and the slight practical interest of his intuitionism it should contribute to directing phenomenological research in law theory towards the late works of Husserl. | ||
| 786 | 0 | _nLes Études philosophiques | 72 | 1 | 2005-03-01 | p. 117b-142b | 0014-2166 | |
| 856 | 4 | 1 | _uhttps://shs.cairn.info/revue-les-etudes-philosophiques-2005-1-page-117b?lang=fr&redirect-ssocas=7080 |
| 999 |
_c1648572 _d1648572 |
||